000 00584nam a2200181Ia 4500
003 GCL
008 140319s9999 xx 000 0 ara d
040 _aGCL /
_cGCL
082 0 4 _a253.901
_bع ت
100 1 _aعبدالحميد كشك
245 1 0 _aتبسيط احكام المواريث وكيفية توزيع التركة /
_cعبدالحميد كشك
260 _a[S.N] :
_bالمختار الاسلامى للطبع والنشر والتوزيع ،
_c1993
300 _a101 ص
490 _a
650 0 4 _aالمواريث
650 0 4 _aالميراث
942 _2ddc
_cBK
999 _c30843
_d30843